000 01051nam a22003257a 4500
003 CHAP
005 20220329143710.0
008 110215s1994 mx r 00010 spa d
010 _a100511
011 _a101483
035 _a112171
040 _cCHAP
090 _aFolleto 17916
100 1 _aAvilés, Margarita.
_98874
245 1 0 _aCatálogo de plantas medicinales :
_bjardín etnobotánico
_c/por Margarita Avilés y Guillermo Suárez
260 _aCuernavaca, Mor. :
_bINAH,
_c1994
300 _a47 p.
590 _aBATCH-UPD
_b10
_c20130110
_lUCH01
_h1137
590 _aBATCH-UPD
_b10
_c20130410
_lUCH01
_h0724
590 _aBATCH-UPD
_b10
_c20130914
_lUCH01
_h0458
590 _aCONVERSION
_b10
_c20130109
_lUCH01
_h1355
650 1 4 _aBotánica médica.
_914680
650 1 4 _aBotánica
_xCatálogos y colecciones.
_914511
650 1 4 _aEtnobotánica
_zMorelos.
_938647
700 1 _aSuáres, Guillermo.
_9110669
901 _aBK
911 _aen proceso
942 _cFOLL
949 _aFolleto 17916
_bBC
_cFOLL
_d33724002232322
_eTS1
_i112171
_sb
999 _c100511
_d100511